[Event "It (open)"]
[Site "masterchessopen.com - Southampton (Bermuda)"]
[Round "4"]
[White "Simon Jerry C (USA)"]
[Black "Faulks Nick (BER)"]
[Result "0-1"]
[WhiteElo "2169"]
[BlackElo "2056"]

1.d4 Nf6 2.c4 c5 3.d5 e6 4.Nc3 exd5 5.cxd5 d6 6.e4 g6 7.f4 Bg7 8.e5 Nfd7 9.Ne4
dxe5 10.Nd6+ Ke7 11.Nxc8+ Qxc8 12.Nf3 Re8 13.Be2 e4 14.Ng5 Kf8 15.O-O h6 16.f5
hxg5 17.fxg6 Bd4+ 18.Kh1 f6 19.Bg4 Kg7 20.Bxg5 Qc7 21.Rc1 Na6 22.b4 Rh8 23.Bf4
Be5 24.d6 Qd8 25.Qd5 Qe8 26.Bxd7 Nxb4 27.Qxb7 Qb8 28.Qxb8 Raxb8 29.Bxe5 fxe5
30.Rxc5 Nd3 31.Rc7 Kxg6 32.Bf5+ Kg5 33.d7 Nf4 34.Bxe4 Ne6 35.Rxa7 Nd4 36.d8=Q+
Rhxd8 37.Rg7+ Kh6 38.g4 Kxg7 39.h4 Rb2 40.h5 Ne2 41.g5 Ng3+ {#R} 0-1

[Event "It (open)"]
[Site "masterchessopen.com - Cullera (Spain)"]
[Date "2004.07.27"]
[Round "7"]
[White "Gerona Maura Jesus (ESP)"]
[Black "Monton Queralt Jose Angel (ESP)"]
[Result "0-1"]
[WhiteElo "2045"]
[BlackElo "2020"]

1.d4 Nf6 2.c4 e6 3.Nc3 c5 4.d5 d6 5.e4 exd5 6.cxd5 g6 7.f4 Bg7 8.e5 Nfd7 9.Nb5
dxe5 10.Nd6+ Kf8 11.Nf3 Nf6 12.fxe5 Ng4 13.Bc4 Nxe5 14.Nxe5 Bxe5 15.Bh6+ Kg8
16.Nxf7 Qh4+ 17.g3 Bxg3+ 18.hxg3 Qxh1+ 19.Kd2 Qxd1+ 20.Rxd1 Kxf7 21.d6+ Kf6
22.Rf1+ Bf5 23.g4 Nc6 24.gxf5 g5 25.Rg1 Rhg8 26.Bxg8 Rxg8 27.Re1 Ne5 28.Kc3
Nf7 29.d7 Rd8 30.Bf8 Rxf8 31.Re8 Kg7 32.f6+ Kg8 33.Kd3 h5 34.Ke3 Nd8 35.Ke4
Kf7 36.Re5 Kxf6 37.Rxc5 Ne6 38.Rd5 Ke7 39.Ke5 g4 40.Rd6 Rf5+ {#R} 0-1

[Event "It (b)"]
[Site "masterchessopen.com - Serpukhov (Russia)"]
[Round "0"]
[White "Khamitskiy Sergei (BLR)"]
[Black "Simantsev Mikhail (UKR)"]
[Result "1-0"]
[WhiteElo "2230"]
[BlackElo "2402"]

1.d4 c5 2.d5 d6 3.c4 e6 4.Nc3 exd5 5.cxd5 Nf6 6.e4 g6 7.f4 Bg7 8.e5 Nfd7 9.Ne4
dxe5 10.Nd6+ Ke7 11.Nxc8+ Qxc8 12.Nf3 Re8 13.fxe5 Nxe5 14.Bb5 Nbd7 15.O-O a6
16.Nxe5 Bxe5 17.d6+ Kd8 18.Rxf7 Bd4+ 19.Kh1 axb5 20.Bg5+ Bf6 21.Bxf6+ Nxf6
22.Rxf6 Qc6 23.Qf1 Ra4 24.Re1 Rae4 25.Rxe4 Rxe4 26.Rf8+ Kd7 27.Qf7+ Kxd6
28.Rd8+ Ke5 29.h3 b4 30.Re8+ Kd6 31.Qf6+ Kd5 32.Rd8+ {#r} 1-0

[Event "It (open)"]
[Site "masterchessopen.com - Iraklion (Greece)"]
[Round "9"]
[White "Parginos Vassilios (GRE)"]
[Black "Stiri Alexandra (GRE)"]
[Result "0-1"]
[WhiteElo "2157"]
[BlackElo "2226"]

1.d4 Nf6 2.c4 e6 3.Nc3 c5 4.d5 exd5 5.cxd5 d6 6.e4 g6 7.f4 Bg7 8.e5 Nfd7
9.exd6 O-O 10.Nf3 Nf6 11.Be2 Qxd6 12.O-O a6 13.a4 Nbd7 14.Ne5 Nxe5 15.fxe5
Qxe5 16.Kh1 Qd4 17.Bg5 Bf5 18.d6 h6 19.Bxf6 Bxf6 20.Qxd4 Bxd4 21.Nd5 Kg7 22.h4
Rad8 23.Rxf5 gxf5 24.Ne7 f4 25.Rd1 Kf6 26.Nd5+ Ke5 27.Nb6 Kxd6 28.b4 Kc6
29.bxc5 Bxc5 {#R} 0-1

[Event "It (open)"]
[Site "masterchessopen.com - Ostrava (Czech Republic)"]
[Date "2005.05.02"]
[Round "3"]
[White "Bures Martin (CZE)"]
[Black "Papan Cyril (CZE)"]
[Result "0-1"]
[WhiteElo "2190"]
[BlackElo "2083"]

1.d4 Nf6 2.c4 e6 3.Nc3 c5 4.d5 exd5 5.cxd5 d6 6.e4 g6 7.f4 Bg7 8.e5 dxe5
9.fxe5 Nh5 10.Nf3 O-O 11.Bc4 Bg4 12.O-O Bxe5 13.Bg5 Bxf3 14.Bxd8 Bxd1 15.Be7
Bd4+ 16.Kh1 Bg4 17.Bxf8 Kxf8 18.d6 f6 19.Ne4 Bf5 20.Bd5 Nd7 21.Bxb7 Rb8 22.Bd5
Nb6 23.Bc6 Rd8 24.Rae1 Nc4 25.d7 Ne5 26.Nd6 Bxd7 27.Bxd7 Rxd7 28.Ne4 Kg7
29.Rd1 Re7 30.b4 Ng4 31.Nxc5 Nf2+ 32.Rxf2 Bxf2 33.Nd3 Bb6 34.g4 Kh6 35.gxh5
Kxh5 36.a4 f5 37.Nf4+ Kg4 38.Nd5 Re2 39.a5 Bf2 40.Rd3 f4 41.h3+ Kf5 42.Rb3 Be1
43.a6 Ke5 44.Ne7 Ke4 45.b5 Bf2 46.Nc6 Ra2 47.Nb4 Ra4 48.Kg2 Bc5 49.Nd3 f3+
50.Kg3 Bd6+ 51.Kf2 Ra2+ 52.Rb2 Ra3 53.Ne1 Bc5+ 54.Kf1 Ra1 55.h4 h6 56.Rc2 Bd4
57.h5 gxh5 58.b6 Bxb6 {#R} 0-1

[Event "Tournament \"]
[Site "masterchessopen.com - Internet"]
[Date "2006.06.10"]
[Round "1"]
[White "Meister Yakov (GER)"]
[Black "Chitadze Romeo (GEO)"]
[Result "1-0"]
[WhiteElo "2491"]
[BlackElo "2206"]

1.d4 Nf6 2.c4 c5 3.d5 e6 4.Nc3 exd5 5.cxd5 d6 6.e4 g6 7.f4 Bg7 8.e5 Nh5 9.Nf3
O-O 10.exd6 Qxd6 11.g3 Re8+ 12.Be2 Bh3 13.Kf2 c4 14.Be3 Nd7 15.Qd2 Ndf6 16.Ne5
Rxe5 17.fxe5 Qxe5 18.Rhe1 Re8 19.Bf3 Qf5 20.Bf4 Rxe1 21.Rxe1 g5 22.Re5 Qd7
23.Rxg5 h6 24.Rxh5 Nxh5 25.Bxh5 b5 26.a3 a5 27.d6 b4 28.axb4 axb4 29.Nd5 Qb7
30.Bf3 Qa7+ 31.Be3 Qd7 32.Ne7+ Kh8 33.Qxb4 Qd8 34.g4 Be5 35.Nf5 h5 36.Qc5 Bxb2
37.Bd4+ Bxd4+ 38.Qxd4+ f6 39.Kg3 c3 40.Qxc3 hxg4 41.Bxg4 Bxg4 42.Kxg4 Qg8+
43.Kf3 Qd5+ 44.Kf4 Qg2 45.Qxf6+ Kh7 46.Qh4+ Kg6 47.Qg3+ {#r} 1-0

[Event "Tournament (Elo)"]
[Site "masterchessopen.com - Krasnodar (Russia)"]
[Round "0"]
[White "Bondarev B (RUS)"]
[Black "Elderov Fazil (RUS)"]
[Result "0-1"]
[WhiteElo "1928"]
[BlackElo "2146"]

1.d4 Nf6 2.c4 c5 3.d5 e6 4.Nc3 exd5 5.cxd5 d6 6.e4 g6 7.f4 Bg7 8.e5 Nfd7 9.e6
fxe6 10.dxe6 Nb6 11.Bb5+ Nc6 12.Qc2 Qe7 13.f5 O-O 14.Bxc6 bxc6 15.fxg6 hxg6
16.Ne4 Bxe6 17.Bg5 Qf7 18.Nxd6 Qd7 19.O-O-O Bd5 {#R} 0-1

[Event "Tournament (Elo) (a)"]
[Site "masterchessopen.com - Budapest (Hungary)"]
[Date "2006.09.03"]
[Round "2"]
[White "Rummel Zsolt (HUN)"]
[Black "Toth Gergely (HUN)"]
[Result "0-1"]
[WhiteElo "2117"]
[BlackElo "1912"]

1.d4 Nf6 2.c4 c5 3.d5 e6 4.Nc3 exd5 5.cxd5 d6 6.e4 g6 7.f4 Bg7 8.e5 dxe5
9.fxe5 Nfd7 10.e6 fxe6 11.Nf3 O-O 12.dxe6 Nb6 13.Bg5 Qxd1+ 14.Rxd1 Bxe6 15.Be2
Nc6 16.O-O Nd4 17.Be7 Rfe8 18.Bxc5 Nxe2+ 19.Nxe2 Bc4 20.Nf4 Bxf1 21.Rxf1 Bxb2
22.Ng5 Rac8 23.Bb4 Rc1 {#R} 0-1

[Event "Ch Europe (juniors) (under 10)"]
[Site "masterchessopen.com - Herceg Novi (Montenegro)"]
[Date "2006.09.18"]
[Round "8"]
[White "Yuffa Daniil (RUS)"]
[Black "Rapport Richard (HUN)"]
[Result "0-1"]
[WhiteElo "2119"]
[BlackElo "2012"]

1.d4 Nf6 2.c4 c5 3.d5 e6 4.Nc3 exd5 5.cxd5 d6 6.e4 g6 7.f4 Bg7 8.e5 Nfd7 9.Nb5
dxe5 10.Nd6+ Ke7 11.Nxc8+ Qxc8 12.Nf3 Re8 13.fxe5 Kf8 14.Bb5 a6 15.Bxd7 Nxd7
16.O-O Nxe5 17.Nxe5 Rxe5 18.Bf4 Re8 19.Qf3 Kg8 20.Rad1 Qd7 21.Rd2 Rad8 22.d6
Re6 23.Rfd1 Rde8 24.Bg3 Re3 25.Qd5 Bd4 26.Kh1 Qb5 {#R} 0-1

[Event "It (open)"]
[Site "masterchessopen.com - Barakaldo (Spain)"]
[Date "2006.09.23"]
[Round "3"]
[White "Lococo Cobo Nicola (ESP)"]
[Black "Menoyo Alonso Isabel (ESP)"]
[Result "1-0"]
[WhiteElo "2077"]
[BlackElo "1642"]

1.d4 Nf6 2.c4 c5 3.d5 e6 4.Nc3 exd5 5.cxd5 d6 6.e4 g6 7.f4 Bg7 8.e5 Qe7 9.Nb5
dxe5 10.d6 exf4+ {#r} 1-0

[Event "Czech League 2006/07 (1st) East"]
[Site "masterchessopen.com - Czech Republic"]
[Date "2007.02.18"]
[Round "8"]
[White "Mlynek Petr (CZE)"]
[Black "Sikora Jan (CZE)"]
[Result "0-1"]
[WhiteElo "2210"]
[BlackElo "2249"]

1.d4 Nf6 2.c4 c5 3.d5 e6 4.Nc3 exd5 5.cxd5 d6 6.e4 g6 7.f4 Bg7 8.e5 dxe5
9.fxe5 Nfd7 10.e6 fxe6 11.dxe6 Qe7 12.Nd5 Qxe6+ 13.Qe2 Qxe2+ 14.Bxe2 O-O
15.Nc7 Nc6 16.Nxa8 Nb4 17.Bd1 Nd3+ 18.Ke2 N7e5 19.Nf3 Bg4 20.Nc7 Rxf3 21.gxf3
Bxf3+ 22.Kf1 Bxh1 23.Ne6 Bf6 24.Be3 b6 25.Rb1 Nc4 26.Bb3 Bd5 27.Bxc4 Bxc4
28.Ng5 Nf4+ {#R} 0-1

[Event "It (open)"]
[Site "masterchessopen.com - Saint-Affrique (France)"]
[Round "7"]
[White "Gozzoli Yannick (FRA)"]
[Black "Benmesbah Natacha (FRA)"]
[Result "0-1"]
[WhiteElo "2486"]
[BlackElo "2211"]

1.d4 Nf6 2.c4 c5 3.d5 e6 4.Nc3 exd5 5.cxd5 d6 6.e4 g6 7.f4 Bg7 8.e5 Nfd7 9.Ne4
dxe5 10.Nd6+ Ke7 11.Nxc8+ Qxc8 12.Nf3 Re8 13.fxe5 Nxe5 14.Bb5 Nbd7 15.Nxe5 Kf8
16.O-O Rxe5 17.Bf4 Re4 18.Qf3 f5 19.Rae1 Rxe1 20.Rxe1 a6 21.Bc6 Bd4+ 22.Kf1
Nf6 23.Qb3 bxc6 24.Bh6+ Kg8 25.dxc6+ Kh8 26.Re7 Ng4 27.c7 Nxh6 28.Qd5 Qg8 {#R}
0-1

[Event "It (open)"]
[Site "masterchessopen.com - Liverpool (England)"]
[Date "2007.09.08"]
[Round "8"]
[White "Carleton John J (ENG)"]
[Black "Cannon Raymond Charles (ENG)"]
[Result "1-0"]
[WhiteElo "2322"]
[BlackElo "2025"]

1.d4 Nf6 2.c4 c5 3.d5 e6 4.Nc3 exd5 5.cxd5 d6 6.e4 g6 7.f4 Bg7 8.e5 Nfd7 9.Ne4
dxe5 10.Nd6+ Ke7 11.Nxc8+ Qxc8 12.Nf3 Re8 13.fxe5 Nxe5 14.Bb5 Nbd7 15.Nxe5 Kf8
16.O-O Rxe5 17.Bf4 c4 18.Qd4 Rf5 19.Qxc4 Qxc4 20.Bxc4 Bxb2 21.Rad1 Be5 22.Bh6+
Bg7 23.Rxf5 gxf5 24.Bc1 Rc8 25.Ba3+ Nc5 26.d6 b6 27.Bd3 Bd4+ 28.Kf1 Rd8
29.Bxf5 Rxd6 30.Bxh7 Rf6+ 31.Ke1 Rc6 32.Kd2 Rh6 33.Bf5 Rh5 34.Bg4 Rg5 35.Bf3
Kg7 36.Kc2 Ne6 37.Bb4 a5 38.Ba3 Re5 39.Bg4 f5 40.Bf3 Kg6 41.h4 Re3 42.Bc1 Rc3+
43.Kb1 Rc5 44.Rd3 Rb5+ 45.Kc2 f4 46.Ba3 Re5 47.Bd6 Rb5 48.Rb3 Rxb3 49.Kxb3 Kf5
50.Kc4 Bf2 51.Be7 Nd4 52.a4 Nxf3 53.gxf3 Kg6 54.Kd5 Kh5 55.Ke4 Be3 56.Bg5 Bf2
57.Kxf4 b5 58.axb5 a4 59.Be7 Bd4 60.Ke4 Bb6 61.Kd5 a3 62.Bxa3 Kxh4 63.Bd6 Kg5
64.Kc6 {#r} 1-0

[Event "Oberliga East B 2007/08"]
[Site "masterchessopen.com - Germany"]
[Date "2007.12.09"]
[Round "5"]
[White "Euler Gerd (GER)"]
[Black "Drollinger Dennis (GER)"]
[Result "1-0"]
[WhiteElo "2379"]
[BlackElo "2314"]

1.d4 Nf6 2.c4 c5 3.d5 e6 4.Nc3 exd5 5.cxd5 d6 6.e4 g6 7.f4 Bg7 8.e5 Nfd7 9.Ne4
dxe5 10.Nd6+ Ke7 11.Nxc8+ Qxc8 12.d6+ Kf8 13.Nf3 e4 14.Ng5 Nb6 15.f5 Nc6
16.fxg6 hxg6 17.Bb5 Be5 18.Rf1 f5 19.Qb3 c4 20.Qa3 Kg8 21.Be3 Rxh2 22.O-O-O
Nd8 23.d7 Qc7 24.Qe7 Bg7 25.Qe8+ Bf8 26.Qxg6+ {#r} 1-0

[Event "Ch Argentina (team)"]
[Site "masterchessopen.com - Villa Martelli (Argentina)"]
[Date "2008.09.13"]
[Round "6"]
[White "Nogues Alejandro (ARG)"]
[Black "Bertorello Juan (ARG)"]
[Result "0-1"]
[WhiteElo "2192"]
[BlackElo "2277"]

1.d4 Nf6 2.c4 c5 3.d5 e6 4.Nc3 exd5 5.cxd5 d6 6.e4 g6 7.f4 Bg7 8.e5 Nfd7 9.Nb5
dxe5 10.Nd6+ Ke7 11.Nxc8+ Qxc8 12.d6+ Kf8 13.Nf3 Nc6 14.Bc4 Nb6 15.Bd3 Qd7
16.Be4 Re8 17.O-O exf4 18.Bxc6 bxc6 19.Bxf4 h6 20.Qc2 Nd5 21.Qc4 Kg8 22.Rae1
Rxe1 23.Rxe1 Kh7 24.Be5 Re8 25.Bxg7 Rxe1+ 26.Nxe1 Kxg7 27.Qxc5 Nb6 28.Nf3 Nc8
29.Qe5+ f6 30.Qc5 Nxd6 31.Qc2 Nf5 32.h3 h5 33.Qd2 Qxd2 34.Nxd2 Kf7 35.Kf2 h4
36.Ke2 Ke6 37.Kd3 Ke5 38.Ke2 Kf4 39.Kf2 Ng3 40.Nc4 Ne4+ 41.Kg1 c5 42.a4 g5
43.Kf1 f5 44.Kg1 g4 45.hxg4 fxg4 46.Kh2 a6 47.Kg1 Nf6 48.Kf2 h3 49.Kg1 Kg3
50.gxh3 gxh3 51.Ne3 Ng4 52.Nf1+ Kf4 53.Nd2 Ke3 54.Nc4+ Kd3 55.b3 Kc3 56.Na5
Kb4 57.Nb7 a5 58.Kh1 Kxb3 59.Nxc5+ Kb4 60.Nd3+ Kxa4 61.Nf4 h2 62.Nd3 Ka3
63.Nc5 Kb4 64.Nd3+ Kc4 65.Nb2+ Kb3 66.Nd3 Kc3 67.Nc5 Kd4 68.Na4 Ke3 69.Kg2 Kd2
70.Nc5 Kc3 71.Na4+ Kb4 72.Nb2 Nf2 73.Kxh2 Kb3 {#R} 0-1

[Event "It (cat.4)"]
[Site "masterchessopen.com - Santiago (Chile)"]
[Date "2008.10.17"]
[Round "5"]
[White "Valdes Escobar Alvaro (CHI)"]
[Black "Lopez Silva Hugo (CHI)"]
[Result "0-1"]
[WhiteElo "2385"]
[BlackElo "2406"]

1.d4 Nf6 2.c4 c5 3.d5 e6 4.Nc3 exd5 5.cxd5 d6 6.e4 g6 7.f4 Bg7 8.e5 Nfd7 9.Ne4
dxe5 10.Nd6+ Ke7 11.Nxc8+ Qxc8 12.Nf3 Re8 13.fxe5 Nxe5 14.Bb5 Nbd7 15.Nxe5 Kf8
16.O-O Rxe5 17.Bf4 Re8 18.Qf3 Kg8 19.Bd6 f5 20.g4 a6 21.Ba4 Re4 22.Bxd7 Qxd7
23.gxf5 Bd4+ 24.Kh1 Re3 25.Qf4 Rd8 26.f6 Qf7 27.Rf2 Qxd5+ 28.Rg2 Qxd6 29.f7+
Kg7 {#R} 0-1

[Event "Tournament (open) \"]
[Site "masterchessopen.com - Turin (Italy)"]
[Date "2008.10.20"]
[Round "6"]
[White "Faraoni Enrico (ITA)"]
[Black "De Barberis Massimo (ITA)"]
[Result "1-0"]
[WhiteElo "2117"]
[BlackElo "2101"]

1.d4 Nf6 2.c4 e6 3.Nc3 c5 4.d5 exd5 5.cxd5 d6 6.e4 g6 7.f4 Bg7 8.e5 Ng4 9.Bb5+
Kf8 10.Nf3 dxe5 11.fxe5 Nxe5 12.O-O Bg4 13.Nxe5 Bxd1 14.Nxf7 Qh4 15.Bg5 Qd4+
16.Kh1 Bg4 17.Rae1 Nd7 18.Nh6+ Nf6 19.Ne4 Bf5 20.Nxf5 gxf5 21.Rxf5 h6 22.Bd2
a6 23.Bc3 Qxc3 24.bxc3 axb5 25.Nxf6 Kf7 26.Nh5+ Kg6 27.Nxg7 Kxg7 28.d6 b6
29.Re7+ Kg6 30.g4 Rxa2 31.h4 h5 32.Re6+ Kg7 33.g5 Rd2 34.Re7+ {#r} 1-0

[Event "Regionalliga Bayern South-East 2008/09"]
[Site "masterchessopen.com - Bayern (Germany)"]
[Date "2008.11.30"]
[Round "3"]
[White "Tuchenhagen Axel (GER)"]
[Black "Kiener Georg (GER)"]
[Result "1-0"]
[WhiteElo "2145"]
[BlackElo "2032"]

1.d4 Nf6 2.c4 c5 3.d5 e6 4.Nc3 exd5 5.cxd5 d6 6.e4 g6 7.f4 Bg7 8.e5 Nfd7 9.Nb5
dxe5 10.Nd6+ Ke7 11.Nxc8+ Qxc8 12.Nf3 Re8 13.Bc4 Kf8 14.O-O e4 15.Ng5 h6
16.Nxf7 Bd4+ 17.Kh1 Kxf7 18.f5 Ne5 19.Bxh6 Nxc4 20.Qg4 g5 21.Qh5+ Kf6 22.Bg7+
Ke7 23.f6+ Kd6 24.f7 Rf8 25.Qg6+ Kc7 26.Bxd4 cxd4 27.Rac1 b5 28.Qxe4 Nd7 29.b3
Kb7 30.bxc4 bxc4 31.Qxd4 Qc5 32.Qg4 Ne5 33.Qe6 Nd3 34.Rb1+ Kc7 35.d6+ Qxd6
36.Qxc4+ Kd8 37.Rbd1 Nf2+ 38.Rxf2 Qxd1+ 39.Rf1 Qd7 40.Qb3 Ke7 41.Qe3+ Kd8
42.Qxg5+ Kc7 43.Qa5+ Kb7 44.Rb1+ Kc6 45.Rc1+ Kb7 46.Qb4+ Ka6 47.Qa3+ Kb7
48.Qf3+ Kb6 49.Qf6+ Kb7 50.Qb2+ Ka6 51.Qa3+ Kb7 52.Qb3+ Ka6 53.Rc4 Ka5 54.Rc5+
Ka6 55.Qc4+ Kb7 56.Qb4+ Ka6 57.Ra5# 1-0

[Event "Ch City (open)"]
[Site "masterchessopen.com - Hamburg (Germany)"]
[Date "2009.05.30"]
[Round "1"]
[White "Strobel Holger (GER)"]
[Black "Kopylov Mihail (UKR)"]
[Result "0-1"]
[WhiteElo "2198"]
[BlackElo "2440"]

1.d4 Nf6 2.c4 c5 3.d5 e6 4.Nc3 exd5 5.cxd5 d6 6.e4 g6 7.f4 Bg7 8.e5 Nfd7 9.Nb5
dxe5 10.Nd6+ Ke7 11.Nxc8+ Qxc8 12.Nf3 Re8 13.Bb5 e4 14.Ne5 Kf8 15.O-O a6
16.Qa4 Nxe5 17.fxe5 Rxe5 18.Bf4 Rxd5 19.Bc4 Rf5 20.Qb3 Nc6 21.Bd6+ Kg8 22.Rxf5
gxf5 23.Bxf7+ Kh8 24.Bxc5 Ne5 25.Be3 Qc7 26.Bd5 Ng4 27.g3 Nxe3 28.Qxe3 Rd8
29.Rd1 Qc2 30.Rd2 Qc1+ 31.Kf2 Qh1 32.h4 Be5 33.Bxe4 Rxd2+ 34.Qxd2 Qxe4 35.Qd8+
Kg7 36.Qe7+ Kg6 37.Qe8+ Kf6 38.Qd8+ Ke6 39.Qe8+ Kd6 40.Qd8+ Kc6 {#R} 0-1

[Event "It \"]
[Site "masterchessopen.com - Bad Homburg (Germany)"]
[Date "2009.06.12"]
[Round "4"]
[White "Mlynek Petr (CZE)"]
[Black "Seifert Christopher (GER)"]
[Result "1-0"]
[WhiteElo "2205"]
[BlackElo "2103"]

1.d4 Nf6 2.c4 c5 3.d5 e6 4.Nc3 exd5 5.cxd5 d6 6.e4 g6 7.f4 Bg7 8.e5 Nfd7 9.Nb5
dxe5 10.Nd6+ Ke7 11.Nxc8+ Qxc8 12.Nf3 Re8 13.Bc4 Kf8 14.O-O e4 15.Ng5 Nb6
16.Bb5 Rd8 17.d6 Bd4+ 18.Kh1 h6 19.f5 hxg5 20.fxg6 f6 21.Qh5 Rxd6 22.Bxg5 Nc6
23.Qh7 Rd7 24.Bh6+ Ke8 25.g7 Rxg7 26.Bxg7 Qe6 27.Rae1 e3 28.Bxf6 Bxf6 29.Bxc6+
bxc6 30.Qg6+ Ke7 31.Rxf6 Qg8 32.Rxe3+ Kd7 33.Rf7+ {#r} 1-0

[Event "It (open)"]
[Site "masterchessopen.com - Badalona (Spain)"]
[Date "2009.08.01"]
[Round "1"]
[White "Alfonso Nogue Beatriz (ESP)"]
[Black "Almeida Omar (CUB)"]
[Result "0-1"]
[WhiteElo "2120"]
[BlackElo "2524"]

1.d4 Nf6 2.c4 c5 3.d5 e6 4.Nc3 exd5 5.cxd5 d6 6.e4 g6 7.f4 Bg7 8.e5 dxe5
9.fxe5 Nfd7 10.e6 fxe6 11.dxe6 Nf8 12.Bb5+ Nc6 13.Qxd8+ Kxd8 14.Bg5+ Ke8 15.e7
Ne6 16.Bxc6+ bxc6 17.Bh4 Nd4 18.Rd1 Bg4 19.Nge2 Rb8 20.b3 Rb4 21.Rf1 Bf5
22.Nxd4 cxd4 23.Nb1 d3 24.Bf2 Re4+ {#R} 0-1

[Event "It \"]
[Site "masterchessopen.com - Rijeka (Croatia)"]
[Date "2009.12.05"]
[Round "9"]
[White "Zrilic Bozo (CRO)"]
[Black "Valenti Giuseppe (ITA)"]
[Result "0-1"]
[WhiteElo "2046"]
[BlackElo "2224"]

1.d4 Nf6 2.c4 c5 3.d5 e6 4.Nc3 exd5 5.cxd5 d6 6.e4 g6 7.f4 Bg7 8.e5 Nfd7
9.exd6 O-O 10.Nf3 Nf6 11.Bb5 a6 12.d7 Nbxd7 13.Bxd7 Bxd7 14.O-O b5 15.Ne5 b4
16.Na4 Bxa4 17.Qxa4 Qxd5 18.Rd1 Qe4 19.Qb3 Rad8 20.Bd2 Nd5 21.Re1 Qd4+ 22.Be3
Nxe3 23.Rxe3 Bxe5 {#R} 0-1

[Event "It (open)"]
[Site "masterchessopen.com - Marseilles (France)"]
[Date "2009.12.30"]
[Round "9"]
[White "Feller Sebastien (FRA)"]
[Black "Marzolo Cyril (FRA)"]
[Result "1-0"]
[WhiteElo "2576"]
[BlackElo "2443"]

1.d4 Nf6 2.c4 c5 3.d5 e6 4.Nc3 exd5 5.cxd5 d6 6.e4 g6 7.f4 Bg7 8.e5 Nfd7 9.Ne4
dxe5 10.Nd6+ Ke7 11.Nxc8+ Qxc8 12.Nf3 Re8 13.f5 e4 14.Ng5 Kf8 15.fxg6 hxg6
16.Be2 Bd4 17.Rf1 Nf6 18.Rxf6 Bxf6 19.Nh7+ Kg7 20.Nxf6 Kxf6 21.Bh6 Re5 22.Qd2
Qh8 23.Qf4+ Ke7 24.Bg5+ Rxg5 25.Qxg5+ Kf8 26.O-O-O Nd7 27.Bb5 Nf6 28.d6 a6
29.Bc4 b5 30.Be2 Rd8 31.Qe5 Rd7 32.Kb1 Qg7 33.Qxc5 Ne8 34.Qc8 f5 35.Qxa6 Qf6
36.Qxb5 Rxd6 37.a4 f4 38.a5 {#r} 1-0

[Event "Tournament (open)"]
[Site "masterchessopen.com - St. Petersburg (Russia)"]
[Date "2010.01.04"]
[Round "2"]
[White "Petrov Valentin (BUL)"]
[Black "Mylnikov Mikhail (RUS)"]
[Result "1-0"]
[WhiteElo "2235"]
[BlackElo "1771"]

1.d4 Nf6 2.c4 c5 3.d5 e6 4.Nc3 exd5 5.cxd5 d6 6.e4 g6 7.f4 Bg7 8.e5 Qe7 9.Nb5
Ne4 10.Qa4 Qh4+ 11.g3 Nxg3 12.hxg3 Qxh1 13.Nxd6+ Ke7 14.Be3 Qxd5 15.Bc4 Qc6
16.Qxc6 Nxc6 17.Bxc5 Be6 18.Nf5+ Kd8 19.O-O-O+ Kc7 20.Bxe6 gxf5 21.Rd7+ {#r}
1-0

[Event "It (open) \"]
[Site "masterchessopen.com - Milan (Italy)"]
[Date "2010.01.06"]
[Round "6"]
[White "Radice Luca (ITA)"]
[Black "Perrotta Leopoldo (ITA)"]
[Result "1-0"]
[WhiteElo "2040"]
[BlackElo "1883"]

1.d4 Nf6 2.c4 c5 3.d5 e6 4.Nc3 exd5 5.cxd5 d6 6.e4 g6 7.f4 Bg7 8.e5 Nh5 9.Nf3
Bg4 10.Bb5+ Kf8 11.a4 dxe5 12.fxe5 a6 13.Be2 Bxf3 14.Bxf3 Qh4+ 15.g3 Qe7 16.e6
fxe6 17.Bxh5 exd5+ 18.Be2 d4 19.O-O+ Ke8 20.Nd5 Qd6 21.Bc4 Nc6 22.Nb6 Rd8
23.Bf7+ Ke7 24.Bg5+ {#r} 1-0

[Event "Tournament (open)"]
[Site "masterchessopen.com - Sabadell (Spain)"]
[Date "2010.02.19"]
[Round "4"]
[White "Ramon Solans Albert (ESP)"]
[Black "Rivas Garcia Victor (ESP)"]
[Result "1-0"]
[WhiteElo "2221"]
[BlackElo "2247"]

1.d4 Nf6 2.c4 e6 3.Nc3 c5 4.d5 d6 5.e4 exd5 6.cxd5 g6 7.f4 Bg7 8.e5 Nfd7 9.Ne4
dxe5 10.Nd6+ Ke7 11.Nxc8+ Qxc8 12.Nf3 e4 13.Ng5 Nb6 14.d6+ Kf8 15.a4 h6
16.Nxf7 Kxf7 17.a5 Bd4 18.axb6 a6 19.Bc4+ Kg7 20.f5 Nc6 21.Be6 Qd8 22.Qg4 Qf6
23.Ra3 e3 24.Bxe3 Bxb2 25.O-O g5 26.Bxc5 h5 27.Qe2 Rad8 28.Rh3 g4 29.Rd3 a5
30.h3 Bd4+ 31.Bxd4 Nxd4 32.Qe4 Rxd6 33.Rc1 Rhd8 34.Rc7+ Kh8 35.Rf7 Qh6 36.Qe5+
Kg8 37.Rxd4 {#r} 1-0

[Event "It (open)"]
[Site "masterchessopen.com - Erba (Italy)"]
[Date "2010.03.06"]
[Round "2"]
[White "Radice Luca (ITA)"]
[Black "Sullolari Saip (ALB)"]
[Result "1-0"]
[WhiteElo "2040"]
[BlackElo "2134"]

1.d4 Nf6 2.c4 c5 3.d5 e6 4.Nc3 exd5 5.cxd5 d6 6.e4 g6 7.f4 Bg7 8.e5 dxe5
9.fxe5 Ng4 10.Bb5+ Kf8 11.e6 Ne5 12.Nf3 fxe6 13.Nxe5 Bxe5 14.Bh6+ Kg8 15.O-O
Bxh2+ 16.Kxh2 Qh4+ 17.Kg1 Qxh6 18.Qf3 Qg7 19.Rad1 h5 20.Ne4 Kh7 21.Ng5+ Kh6
22.Qe3 {#r} 1-0

[Event "Czech League 2009/10 (2nd) (e)"]
[Site "masterchessopen.com - Czech Republic"]
[Date "2010.03.28"]
[Round "10"]
[White "Kratochvil Karel (CZE)"]
[Black "Banas Kamil (SVK)"]
[Result "0-1"]
[WhiteElo "2153"]
[BlackElo "2255"]

1.d4 Nf6 2.c4 c5 3.d5 e6 4.Nc3 exd5 5.cxd5 d6 6.e4 g6 7.f4 Bg7 8.e5 Nfd7 9.e6
fxe6 10.dxe6 Nf6 11.Bc4 a6 12.f5 b5 13.Bd5 Nxd5 14.Qxd5 Bxc3+ 15.bxc3 Ra7
16.fxg6 Bxe6 17.Qh5 Re7 18.Ne2 O-O 19.Bg5 Bc4 20.Bxe7 Qxe7 21.Qxh7+ Qxh7
22.gxh7+ Kxh7 23.Rf1 Re8 24.Rf2 Nc6 25.Kd2 Ne5 26.h3 a5 27.a3 Nd3 28.Rf6 d5
29.g4 Ne5 30.Ng3 Bb3 31.Raf1 b4 32.axb4 axb4 33.cxb4 Nc4+ 34.Kc1 Ra8 35.Kb1
Nd2+ 36.Kb2 Ra2+ 37.Kc3 d4+ {#R} 0-1

[Event "It (open)"]
[Site "masterchessopen.com - Alella (Spain)"]
[Date "2010.08.15"]
[Round "5"]
[White "Ramon Solans Albert (ESP)"]
[Black "Rojas Keim Luis (CHI)"]
[Result "0-1"]
[WhiteElo "2221"]
[BlackElo "2357"]

1.d4 Nf6 2.c4 e6 3.Nc3 c5 4.d5 exd5 5.cxd5 d6 6.e4 g6 7.f4 Bg7 8.e5 dxe5
9.fxe5 Nh5 10.Nf3 O-O 11.Be2 Nd7 12.g4 Nxe5 13.Nxe5 Qh4+ 14.Kd2 Nf4 15.Nf3
Qxg4 16.Qg1 Re8 17.Qxg4 Bxg4 18.Bd1 Ng2 19.Rg1 Ne3 20.Be2 Rad8 21.Rxg4 Nxg4
22.Ke1 Bxc3+ 23.bxc3 Rxd5 24.h3 Ne5 25.Kf2 Nd3+ 26.Kf1 c4 27.Nd4 b5 28.Bd2 Nc5
29.Bf3 Ne4 30.Be1 b4 31.Ne2 bxc3 32.Nxc3 {#R} 0-1

[Event "Tournament (open)"]
[Site "masterchessopen.com - Cheste (Spain)"]
[Date "2010.10.12"]
[Round "7"]
[White "Capella Gimenez J M (ESP)"]
[Black "Martinez Hernandez Javier (ESP)"]
[Result "1-0"]
[WhiteElo "2095"]
[BlackElo "1978"]

1.d4 Nf6 2.c4 c5 3.d5 e6 4.Nc3 exd5 5.cxd5 g6 6.e4 d6 7.f4 Bg7 8.e5 dxe5
9.fxe5 Ng4 10.Bb5+ Kf8 11.e6 Bxc3+ 12.bxc3 Qh4+ 13.g3 Qf6 14.Nf3 Kg7 15.O-O
Qxc3 16.Rb1 f6 17.Rb3 Qa5 18.Ng5 c4 19.Bxc4 Qc5+ 20.Kg2 Qxc4 21.Rf4 Qa6
22.Qxg4 h5 23.Qf3 Rf8 24.Bb2 Nd7 25.exd7 Bxd7 26.Ne6+ Bxe6 27.dxe6 Qxe6
28.Rxb7+ Kg8 29.Qb3 {#r} 1-0